| 000 | 00515nam a2200181Ia 4500 | ||
|---|---|---|---|
| 008 | 151202s9999||||xx |||||||||||||| ||und|| | ||
| 082 | _bPNVM-43127 | ||
| 100 | _aदेशपांडे पु.ल. | ||
| 245 | _aदाद. | ||
| 260 | _b"मौज प्रकाशन गृह,मुंबई." | ||
| 260 | _c0 | ||
| 300 | _a198 | ||
| 600 | _aदेशपांडे पु.ल. | ||
| 630 | _aदाद. | ||
| 700 | _aदेशपांडे पु.ल. | ||
| 730 | _aदाद. | ||
| 942 | _cBOOK | ||
| 999 |
_c1309079 _d1309076 |
||